000 00619nam a2200229Ia 4500
003 OSt
005 20220928103231.0
006 a|||||r|||| 00| 0
007 ta
008 220927b |||||||| |||| 00| 0 eng d
024 _a54454
037 _cTextual
040 _aSDCL
_cSDCL
_beng
041 _2eng
_aeng
082 _aO152,3NO5x, L3
100 _aJain Nirmala Ed.
_9402991
245 0 _aJainendra ki sarvasestha kahaniyan.
260 _aDelhi
_bPoorvodaya Prakashan
_c1973
300 _a205p.
_ccm.
942 _hO152,3NO5x, L3
_cTEXL
_2CC
999 _c718797
_d718797